000 00490nam a2200193Ia 4500
005 20230329111822.0
008 140110s9999 xx 000 0 und d
020 _a9788185479545
_cRs.200.00
040 _aLoreto College
041 _aEnglish
082 _a891.448
_bBHA
100 _aBhattacharya, Sourin
245 _aAnter Katha
_cSourin Bhattacharya
260 _aKolkata
_bAnustup
300 _a232p.
650 _aBengali miscellaneous writing
850 _aLCLIB
942 _cBK
999 _c38616
_d89095